Catálogo

Kaizen express : (Registro nro. 57662)

Detalles MARC
000 -LEADER
fixed length control field 01448cam a2200397 i 4500
001 - CONTROL NUMBER
control field 57662
003 - CONTROL NUMBER IDENTIFIER
control field Mx-PuUPA
005 - DATE AND TIME OF LATEST TRANSACTION
control field 20251021102449.0
008 - FIXED-LENGTH DATA ELEMENTS--GENERAL INFORMATION
fixed length control field 140415s2009 maua gr 000 0 mul d
020 ## - INTERNATIONAL STANDARD BOOK NUMBER
International Standard Book Number 9781934109236
040 ## - CATALOGING SOURCE
Original cataloging agency Mx-PuUPA
Language of cataloging spa
Transcribing agency Mx-PuUPA
Modifying agency Mx-PuUPA
Description conventions rda
041 1# - LANGUAGE CODE
Language code of text/sound track or separate title eng
041 1# - LANGUAGE CODE
Language code of text/sound track or separate title jpn
100 1# - MAIN ENTRY--PERSONAL NAME
Personal name Narusawa, Toshiko,
9 (RLIN) 17580
Relator term autor
245 10 - TITLE STATEMENT
Title Kaizen express :
Remainder of title fundamentals for you Lean Journey /
Statement of responsibility, etc. by Toshiko Narusawa and John Shook ; foreword by Jim Womack
264 #1 - PRODUCTION, PUBLICATION, DISTRIBUTION, MANUFACTURE, AND COPYRIGHT NOTICE
Place of production, publication, distribution, manufacture Cambridge, MA, :
Name of producer, publisher, distributor, manufacturer The Lean Enterprise Institute,
Date of production, publication, distribution, manufacture, or copyright notice ©2009
300 ## - PHYSICAL DESCRIPTION
Extent 159 páginas :
Other physical details ilustraciones, tablas ;
Dimensions 26 cm
336 ## - CONTENT TYPE
Fuente rdacontent
Content type term texto
Content type code txt
337 ## - MEDIA TYPE
Source rdamedia
Media type term sin medio
Media type code n
338 ## - CARRIER TYPE
Source rdacarrier
Carrier type term volumen
Carrier type code nc
546 ## - LANGUAGE NOTE
Language note Texto en inglés y japonés.
610 2# - SUBJECT ADDED ENTRY--CORPORATE NAME
Corporate name or jurisdiction name as entry element Toyota Jidōsha Kōgyō Kabushiki Kaisha
650 #7 - SUBJECT ADDED ENTRY--TOPICAL TERM
9 (RLIN) 13986
Source of heading or term armarc
Topical term or geographic name entry element Control de procesos
650 #7 - SUBJECT ADDED ENTRY--TOPICAL TERM
Source of heading or term armarc
Topical term or geographic name entry element Control de calidad
650 #7 - SUBJECT ADDED ENTRY--TOPICAL TERM
Source of heading or term armarc
Topical term or geographic name entry element Administración industrial
650 #7 - SUBJECT ADDED ENTRY--TOPICAL TERM
Source of heading or term armarc
Topical term or geographic name entry element Planificación estratégica
650 #7 - SUBJECT ADDED ENTRY--TOPICAL TERM
Source of heading or term armarc
Topical term or geographic name entry element Cambio organizacional
650 #7 - SUBJECT ADDED ENTRY--TOPICAL TERM
Source of heading or term armarc
Topical term or geographic name entry element Calidad total
General subdivision Administración
700 1# - ADDED ENTRY--PERSONAL NAME
Personal name Shook, John,
Relator term autor
9 (RLIN) 2368
700 1# - ADDED ENTRY--PERSONAL NAME
Personal name Womack, Jim,
Relator term prologuista
9 (RLIN) 2414
942 ## - ADDED ENTRY ELEMENTS (KOHA)
Source of classification or shelving scheme Dewey Decimal Classification
Koha item type Libro
Classification part 658.4013
Item part N28
Existencias
Withdrawn status Lost status Source of classification or shelving scheme Damaged status Not for loan Collection code Home library Current library Shelving location Date acquired Source of acquisition Total Checkouts Full call number Barcode Date last seen Price effective from Koha item type
    Dewey Decimal Classification     General Biblioteca Karol Wojtyla Biblioteca Karol Wojtyla Sala general 03/12/2013 Donación   658.4013 N28 2009 48795 05/01/2026 03/12/2013 Libro